000 00508nam a2200181Ia 4500
005 20250508163033.0
008 008 250505s9999 xx 000 0 eng d
037 _aTextual
040 _aFEDL
_beng
_cFEDL
041 _aeng
_2eng
084 _a370.19, JIN
_qFEDL
100 _aJindal B.L.
_9774593
245 0 _aSchooling and modernity
260 _aNew Delhi, India
_bInter- India Publications
_c1984
300 _axii,151p.
942 _cTEXL
_h370.19, JIN
999 _c1380423
_d1380423